000 00550nam a2200157 4500
001 138343
003 ES-MaACL
005 20230906195540.0
007 t|
008 070214s19451946sp r ||||1| spa d
100 1 _aSancho Barreda, Miguel.
_9103031
245 1 0 _aMetodología de la lengua nacional
_b: vocabulario, lectura, escritura y gramática /
_cMiguel Sancho Barreda.
260 _aTarragona :
_b[s. n.],
_c1945-46 (
_fTalleres Tipográficos de los sucesores de Torres y Virgili)
300 _a88 p. ;
_c23 cm.
852 _aES-MaACL
_j1861-F-7
999 _c138343
_d138343